[Event "Mogliano Veneto op-B 43th"]
[Site "Mogliano Veneto"]
[Date "2023.04.25"]
[Round "5"]
[White "Biondi, Carlo"]
[Black "Porta, Federico"]
[Result "1-0"]
[WhiteElo "1374"]
[BlackElo "1670"]
[PlyCount "75"]
[EventDate "2023.04.23"]
[EventType "swiss"]
[EventRounds "5"]
[EventCountry "ITA"]
[SourceTitle "EXT 2024"]
[Source "ChessBase"]
[SourceDate "2023.10.10"]
[SourceVersion "1"]
[SourceVersionDate "2023.10.10"]
[SourceQuality "1"]

1. d4 Nf6 2. c4 e5 3. dxe5 Ng4 4. Nf3 Bc5 5. e3 Nc6 6. Nc3 0-0 7. Nd4 Ngxe5 8. Nb3 Bb4 9. Bd2 Re8 10. Nd5 Bf8 11. Qc2 a5 12. Be2 Nb4 13. Nxb4 axb4 14. 0-0 b6 15. Qe4 Ra7 16. Qc2 Bb7 17. Nd4 Qg5 18. f3 Qd8 19. b3 Nc6 20. Bd3 g6 21. Nxc6 Bxc6 22. Rf2 Ra5 23. f4 Rh5 24. Be2 Ra5 25. Bd3 Bc5 26. f5 Qg5 27. h4 Qg3 28. fxg6 hxg6 29. Raf1 Bxe3 30. Bxe3 Rxe3 31. Rxf7 Re8 32. Bxg6 Qe3+ 33. Kh1 Rae5 34. Bh7+ Kh8 35. Rf8+ Rxf8 36. Rxf8+ Kg7 37. Rg8+ Kf7 38. Qg6+ 1-0

[Event "Mogliano Veneto op-B 43th"]
[Site "Mogliano Veneto"]
[Date "2023.04.24"]
[Round "3"]
[White "Ballarin, Gabriele"]
[Black "Biondi, Carlo"]
[Result "1-0"]
[WhiteElo "1798"]
[BlackElo "1374"]
[PlyCount "87"]
[EventDate "2023.04.23"]
[EventType "swiss"]
[EventRounds "5"]
[EventCountry "ITA"]
[SourceTitle "EXT 2024"]
[Source "ChessBase"]
[SourceDate "2023.10.10"]
[SourceVersion "1"]
[SourceVersionDate "2023.10.10"]
[SourceQuality "1"]

1. e4 c5 2. Nc3 Nc6 3. Bb5 Nd4 4. Bc4 g6 5. f4 e6 6. Nf3 Bg7 7. d3 a6 8. a4 Rb8 9. 0-0 Ne7 10. Ne2 Nxe2+ 11. Qxe2 d5 12. Ba2 0-0 13. c3 Re8 14. g4 f5 15. gxf5 exf5 16. e5 b5 17. Be3 Qc7 18. axb5 axb5 19. Qf2 c4 20. Bc5 Bh6 21. Bd6 Qb7 22. Qh4 Bg7 23. Bxb8 Qxb8 24. Bb1 Qb6+ 25. Qf2 Qxf2+ 26. Kxf2 Nc6 27. d4 Bb7 28. Bc2 Rd8 29. Ng5 Re8 30. Rg1 h6 31. Nf3 Kf7 32. Rg2 Re6 33. Rag1 Bf8 34. Nh4 Ne7 35. Ra1 Nc6 36. Bd1 Be7 37. Nxg6 Bd8 38. Bh5 Ke8 39. Nh4+ Kd7 40. Nxf5 Ne7 41. Rg7 Kc6 42. Ne3 Nc8 43. f5 Bf6 44. Rg6 1-0

[Event "Treviso op-B 4th"]
[Site "Treviso"]
[Date "2023.04.01"]
[Round "2"]
[White "Lamonti, Marco"]
[Black "Biondi, Carlo"]
[Result "0-1"]
[WhiteElo "1577"]
[BlackElo "1333"]
[PlyCount "62"]
[EventDate "2023.03.31"]
[EventType "swiss"]
[EventRounds "5"]
[EventCountry "ITA"]
[SourceTitle "EXT 2024"]
[Source "ChessBase"]
[SourceDate "2023.10.10"]
[SourceVersion "1"]
[SourceVersionDate "2023.10.10"]
[SourceQuality "1"]

1. c4 c5 2. Nc3 Nc6 3. g3 g6 4. Bg2 Bg7 5. e4 d6 6. Nge2 Nf6 7. d3 0-0 8. 0-0 Ne8 9. Be3 e5 10. Qd2 Nc7 11. f4 f6 12. Nd5 Nxd5 13. cxd5 Nd4 14. fxe5 dxe5 15. Nxd4 cxd4 16. Bh6 Qb6 17. Bxg7 Kxg7 18. b4 Bd7 19. a4 Rac8 20. a5 Qb5 21. Rfc1 f5 22. Bh3 fxe4 23. Bxd7 Qxd7 24. dxe4 Qg4 25. Qg2 d3 26. Rxc8 Rxc8 27. h3 Qg5 28. Qf3 Rc1+ 29. Rxc1 Qxc1+ 30. Qf1 d2 31. Qxc1 dxc1Q+ 0-1

[Event "Venice Province-ch 82nd"]
[Site "Mestre"]
[Date "2023.01.28"]
[Round "3.6"]
[White "Biondi, Carlo"]
[Black "Bozzao, Francesco"]
[Result "1/2-1/2"]
[WhiteElo "1297"]
[BlackElo "1832"]
[PlyCount "122"]
[EventDate "2023.01.27"]
[EventType "swiss"]
[EventRounds "5"]
[EventCountry "ITA"]
[SourceTitle "EXT 2024"]
[Source "ChessBase"]
[SourceDate "2023.10.10"]
[SourceVersion "1"]
[SourceVersionDate "2023.10.10"]
[SourceQuality "1"]

1. d4 d5 2. c4 e6 3. Nf3 Nf6 4. e3 c5 5. Nc3 Nc6 6. cxd5 exd5 7. Bb5 a6 8. Bxc6+ bxc6 9. Qa4 Bd7 10. Ne5 Qc7 11. Nxd7 Qxd7 12. h3 cxd4 13. exd4 Be7 14. 0-0 0-0 15. Bf4 Qb7 16. Rab1 a5 17. a3 c5 18. Rfe1 Rfd8 19. Re2 cxd4 20. Qxd4 Rac8 21. Rbe1 Bc5 22. Qd3 Qb3 23. Qb5 Qxb5 24. Nxb5 Re8 25. Rxe8+ Rxe8 26. Rxe8+ Nxe8 27. Bd2 Bb6 28. Be3 Bd8 29. Kf1 f5 30. Ke2 Kf7 31. Kd3 g6 32. b4 axb4 33. axb4 Ke6 34. Nd4+ Kd7 35. Kc3 Nd6 36. Kb3 Nc4 37. Ka4 Nxe3 38. fxe3 Bg5 39. Nf3 Bxe3 40. Ne1 Kc7 41. Kb5 Kb7 42. Nd3 h6 43. Nc5+ Kc8 44. Kc6 g5 45. Kxd5 Kc7 46. Ke5 f4 47. Kf5 Bd2 48. Ne4 Bxb4 49. Kg6 Bf8 50. Kf7 Bd6 51. Nf6 Kc6 52. Ng4 h5 53. Nh6 Kd5 54. Kf6 g4 55. hxg4 hxg4 56. Nxg4 Ke4 57. Ke6 Bb8 58. Kf6 Kd3 59. Kf5 Bc7 60. Nf2+ Ke2 61. Nh3 Kf1 1/2-1/2

[Event "Venice Province-ch 82nd"]
[Site "Mestre"]
[Date "2023.01.27"]
[Round "1.1"]
[White "Biondi, Carlo"]
[Black "Gallo, Enrico"]
[Result "0-1"]
[WhiteElo "1297"]
[BlackElo "2095"]
[PlyCount "120"]
[EventDate "2023.01.27"]
[EventType "swiss"]
[EventRounds "5"]
[EventCountry "ITA"]
[SourceTitle "EXT 2024"]
[Source "ChessBase"]
[SourceDate "2023.10.10"]
[SourceVersion "1"]
[SourceVersionDate "2023.10.10"]
[SourceQuality "1"]

1. d4 Nf6 2. c4 c5 3. d5 e6 4. Nc3 exd5 5. cxd5 d6 6. e4 g6 7. Nf3 Bg7 8. Be2 0-0 9. 0-0 a6 10. a4 Qc7 11. h3 Re8 12. Bd3 Nbd7 13. Be3 Rb8 14. Nd2 Ne5 15. Be2 b6 16. f4 Ned7 17. Qc2 Bb7 18. Rf3 Nf8 19. Kh2 Bc8 20. Rg1 Qd7 21. g4 b5 22. axb5 axb5 23. f5 b4 24. Nd1 Bb7 25. Bc4 h6 26. fxg6 Nxg6 27. Bxh6 Nxg4+ 28. Rxg4 Bxh6 29. Rf6 Bg7 30. Rf1 Re5 31. Rfg1 Rbe8 32. Qd3 Qe7 33. Nf2 Bc8 34. Qf3 Rh5 35. Rxg6 fxg6 36. Rxg6 Qe5+ 37. Kh1 Rf8 38. Qg2 Rxf2 39. Qxf2 Rxh3+ 40. Kg1 Qh5 41. Rxg7+ Kxg7 42. Qg2+ Qg4 43. Qxg4+ Bxg4 44. b3 Rc3 45. Kf2 Kf6 46. Nb1 Rc1 47. Nd2 Ke5 48. Nf3+ Bxf3 49. Kxf3 Rxc4 50. bxc4 b3 51. Kg4 Kxe4 52. Kg5 b2 53. Kf6 b1Q 54. Ke6 Qb6 55. Kf6 Kd4 56. Ke7 Kxc4 57. Ke6 Kd4 58. Kf5 c4 59. Ke6 c3 60. Kd7 c2 0-1